High performance coatings for automotive and aerospace industries (Record no. 167345)
[ view plain ]
| 000 -LEADER | |
|---|---|
| fixed length control field | 01419nam a2200373Ia 4500 |
| 082 04 - DEWEY DECIMAL CLASSIFICATION NUMBER | |
| Classification number | 629.2/32 |
| 245 00 - TITLE STATEMENT | |
| Title | High performance coatings for automotive and aerospace industries |
| 260 ## - PUBLICATION, DISTRIBUTION, ETC. (IMPRINT) | |
| Place of publication | New York : |
| Name of publisher | Nova Science, |
| Year of publication | c2010. |
| 300 ## - PHYSICAL DESCRIPTION | |
| Number of Pages | vi, 413 p. : |
| Other physical details | ill. |
| 490 0# - SERIES STATEMENT | |
| Series statement | Materials science and technology |
| 650 #0 - SUBJECT ADDED ENTRY--TOPICAL TERM | |
| Topical Term | Airplanes |
| Topical Term | Automobiles |
| Topical Term | Corrosion and anti-corrosives. |
| Topical Term | Metals |
| Topical Term | Protective coatings. |
| 700 1# - ADDED ENTRY--PERSONAL NAME | |
| Personal name | Makhlouf, Abdel Salam Hamdy. |
| 856 40 - ELECTRONIC LOCATION AND ACCESS | |
| Uniform Resource Identifier | http://site.ebrary.com/lib/rucke/Doc?id=10659037 |
No items available.
